000 00726nam a2200217Ia 4500
003 GCL
008 140319s9999 xx 000 0 ara d
040 _aGCL /
_cGCL
082 0 4 _aع
_b621.38174
_bف ن
100 1 _aفاروق محمد العامرى
245 1 0 _aتصميم وصناعة الدوائر المطبوعة /
_cفاروق محمد العامرى
260 _a[S.N] :
_bالدار المصرية اللبنانية ،
_c1993
300 _a288 ص
490 _a
650 0 4 _aالهندسة الالكترونية
650 0 4 _aالهندسة
650 0 4 _aالدوائر الالكترونية
650 0 4 _aالالكترونات
650 0 4 _aالدوائر الكهربائية
942 _2ddc
_cBK
999 _c30336
_d30336